000 00997nam a2200313Ia 4500
001 005650
008 221003s2001 xx 000 0 spa d
035 _aCENDO_10134
041 _aspa
084 _aMU-00042-00024
100 _aCONFEDERACION INTERNACIONAL DE ORGANIZACIONES SINDICALES LIBRES
_93519
245 0 _a<La> CIOSL-ORIT en el 25 de noviembre día internacional de la no violencia contra la mujer
260 _aS.l. :
_bs.n.,
_c2001
300 _a2 h. ;
_c 30 cm
650 0 _aDIA INTERNACIONAL DE LA ELIMINACION DE LA VIOLENCIA CONTRA LA MUJER
_910927
650 _aMUJERES
_9199
650 0 _aVIOLENCIA
_92442
650 _aAGRESION
_93137
650 0 _aDERECHO A NO SUFRIR TRATAMIENTOS INHUMANOS
_928815
710 _aCIOSL
_93520
710 _aORGANIZACION REGIONAL INTERAMERICANA DE TRABAJADORES
_96892
901 _a2
903 _aNO
904 _a000
953 _d2001-12-11
_yDOCUMENTO
_oMU-00042-00024
999 _c10133
_d10133
910 _a2001
942 _cDOCUMENTO